000 01059nam a22003137a 4500
003 CHAP
005 20220329135142.0
008 971013s1968 r 00010 d
010 _a31760
011 _a32732
035 _a36847
040 _cCHAP
082 _a660.28
_bC7Y
100 0 0 _aCrosby, E. J.
_929181
245 _aExperimentos sobre fenómenos de transporte en las operaciones unitarias de la industria química
260 _aBuenos Aires :
_bEd, Hispano Americana,
_c1968
300 _a195 p.
_b: ilus.
590 _aBATCH-UPD
_b10
_c20130110
_lUCH01
_h1757
590 _aBATCH-UPD
_b10
_c20130410
_lUCH01
_h1134
590 _aBATCH-UPD
_b10
_c20130914
_lUCH01
_h1105
590 _aCONVERSION
_b10
_c20130109
_lUCH01
_h1318
650 1 4 _aDinámica de fluídos.
_932627
650 1 4 _aIndustrias químicas.
_958034
650 1 4 _aTermodinámica.
_9112366
901 _aBK
942 _cLIBRO
949 _a660.28 C7Y
_bBC
_cLIBRO
_d33724000119368
_eLIBRO
_fc.2
_h40902
_i36847
_si
949 _a660.28 C7Y
_bBC
_cLIBRO
_d33724000119475
_eLIBRO
_h40901
_i36847
_si
999 _c31760
_d31760